Catalog

Record Details

Catalog Search



Below zero : Joe Pickett   Cover Image Book Book

Below zero : Joe Pickett / C.J. Box.

Box, C. J., (author.).

Summary:

Wyoming game warden Joe Pickett's teenage daughter, Sheridan, receives a text message with a staggering implication: that April, the foster daughter thought to have died 6 years ago in a massacre, is still alive. If it really is April who's texting, she's in danger, and for Pickett, the only thing worse than losing her the first time would be losing her again. Pickett must negotiate FBI politics, recruit his fugitive friend Nate Romanowski, and take a crash course in cell-phone-tracking technology to find her.

Record details

  • ISBN: 9780399155758
  • ISBN: 0399155759
  • ISBN: 9780425234723
  • ISBN: 042523472X
  • Physical Description: 342 pages ; 24 cm.
  • Publisher: New York : G.P. Putnam's Sons, ©2009.
Subject: Pickett, Joe (Fictitious character) > Fiction.
Game wardens > Fiction.
Foster children > Fiction.
Wyoming > Fiction.
Genre: Suspense fiction.
Detective and mystery fiction.
Thrillers (Fiction)

Available copies

  • 1 of 1 copy available at scottsboropl.

Holds

  • 0 current holds with 1 total copy.
Show Only Available Copies
Location Call Number / Copy Notes Barcode Shelving Location Status Due Date
scottsboropl F Box 32269001056798 Storage - Adult Available -

LDR 01884nam a2200433 i 4500
001146671
003SBPL
00520220721151531.0
007ta
008090226t20092009nyu 000 f eng
010 . ‡a 2009008110
020 . ‡a9780399155758
020 . ‡a0399155759
020 . ‡a9780425234723
020 . ‡a042523472X
0248 . ‡a99934100885
035 . ‡a(CONS)146671
035 . ‡a(CPomAG)LMN605467
05000. ‡aPS3552.O87658 ‡bB45 2009
08200. ‡a813/.54 ‡222
1001 . ‡aBox, C. J., ‡eauthor.
24510. ‡aBelow zero : ‡bJoe Pickett / ‡cC.J. Box.
264 1. ‡aNew York : ‡bG.P. Putnam's Sons, ‡c©2009.
300 . ‡a342 pages ; ‡c24 cm.
336 . ‡atext ‡btxt ‡2rdacontent
337 . ‡aunmediated ‡bn ‡2rdamedia
338 . ‡avolume ‡bnc ‡2rdacarrier
4901 . ‡aA Joe Pickett novel : ‡vBk 9
520 . ‡aWyoming game warden Joe Pickett's teenage daughter, Sheridan, receives a text message with a staggering implication: that April, the foster daughter thought to have died 6 years ago in a massacre, is still alive. If it really is April who's texting, she's in danger, and for Pickett, the only thing worse than losing her the first time would be losing her again. Pickett must negotiate FBI politics, recruit his fugitive friend Nate Romanowski, and take a crash course in cell-phone-tracking technology to find her.
60010. ‡aPickett, Joe ‡c(Fictitious character) ‡vFiction.
650 0. ‡aGame wardens ‡vFiction.
650 0. ‡aFoster children ‡vFiction.
651 0. ‡aWyoming ‡vFiction.
655 7. ‡aSuspense fiction. ‡2gsafd
655 7. ‡aDetective and mystery fiction. ‡2lcgft
655 7. ‡aThrillers (Fiction) ‡2lcgft
8301 . ‡aBox, C. J. ‡bJoe Pickett novel: ‡vBk 9.
901 . ‡a146671 ‡bUnknown ‡c146671 ‡tbiblio

Additional Resources